| 000 | 02904cam a2200241 4500500 | ||
|---|---|---|---|
| 005 | 20260208003243.0 | ||
| 041 | _afre | ||
| 042 | _adc | ||
| 100 | 1 | 0 |
_aVentelou, Bruno _eauthor |
| 700 | 1 | 0 |
_aParaponaris, Alain _eauthor |
| 700 | 1 | 0 |
_aSebbah, Rémy _eauthor |
| 700 | 1 | 0 |
_aAulagnier, Marielle _eauthor |
| 700 | 1 | 0 |
_aProtopopescu, Camelia _eauthor |
| 700 | 1 | 0 |
_aGourheux, Jean-Claude _eauthor |
| 700 | 1 | 0 |
_aVerger, Pierre _eauthor |
| 245 | 0 | 0 | _aUn observatoire des pratiques en médecine générale : l'expérience menée en région Provence-Alpes-Côte-d'Azur |
| 260 | _c2005. | ||
| 500 | _a75 | ||
| 520 | _aRésuméCet article propose un premier bilan des résultats de l’expérience menée en région PACA depuis 2002 de constitution d’un « observatoire des pratiques » des médecins libéraux : le panel MG PACA de 600 médecins généralistes. Les questions traitées sont diverses :méthodologiques : représentativité et attrition statistiques caractérisant le suivi longitudinal d’une population ;socio-économiques : revenus et conditions de travail des médecins ;médicales : modalités de prise en charge de certaines pathologies.Une « analyse des correspondances multiples » fait apparaître des profils de pratiques des médecins relativement marqués, particulièrement en ce qui concerne l’activité, les habitudes de prescription et l’accès à l’information médicale. Enfin, l’ambition d’un tel panel serait de constituer un dispositif pérenne d’appréhension de la profession de médecin généraliste, puis de devenir un véritable outil d’aide à la décision de politique sanitaire : en quoi consiste aujourd’hui le métier de médecin généraliste ; peut-on le faire évoluer et comment ? | ||
| 520 | _aThis article offers a first survey of the results of the experiment conducted in the Provence-Alpes-Côte d’Azur (PACA) region to establish an “observatory of the practices” of general practitioners based on a 600 strong panel. A range of questions are covered:methodological: representativeness and statistical decay relating to longitudinal population coverage,socio-economic: doctors’ incomes and work conditions,medical: treatment options for certain pathologies.Multiple correspondence analysis shows fairly well defined profiles of medical practice, especially with respect to activity, prescription habits and access to medical information. Finally, the ambition of such a panel is to set up a permanent means to study the general practice profession, and subsequently to become a genuine decision aid for health policy: what is general practice today, and whether and why to lead it to evolve. | ||
| 786 | 0 | _nRevue française des affaires sociales | - | 1 | 2005-03-01 | p. 127-160 | 0035-2985 | |
| 856 | 4 | 1 | _uhttps://shs.cairn.info/revue-francaise-des-affaires-sociales-2005-1-page-127?lang=fr&redirect-ssocas=7080 |
| 999 |
_c1647465 _d1647465 |
||